[Event "SF Buer 1 - SF Kirchhellen 1"]
[Site "Verbandsklasse - Gr. 1 2019/2"]
[Date "2019.09.22"]
[Round "1.1"]
[White "Schlueter, Christoph"]
[Black "Große-Frintrop, Gerd"]
[Result "0-1"]
[WhiteElo "1946"]
[BlackElo "2013"]
[Annotator "Daniel"]
[PlyCount "68"]
[EventDate "2019.??.??"]

1. d4 f5 2. g3 g6 3. Bg2 Nf6 4. Nc3 Bg7 5. e4 fxe4 6. Nxe4 d5 7. Nxf6+ exf6 8.
Be3 Be6 9. Ne2 Nc6 10. Qd2 Ne7 11. Bh6 Bxh6 12. Qxh6 Nf5 13. Qd2 c6 14. h4 Qd7
15. Nf4 Nd6 16. O-O-O O-O-O 17. Nxe6 Qxe6 18. Rde1 Qf7 19. Re2 Rhe8 20. Rhe1
$11 Rxe2 21. Rxe2 Re8 22. Qe1 Rxe2 23. Qxe2 Qe8 24. Qxe8+ Nxe8 25. Kd2 Nd6 26.
b3 Kc7 27. Kd3 b5 28. c3 a5 29. Bf3 f5 30. Bg2 h6 31. f4 h5 32. Bf3 Ne4 33. c4
dxc4+ 34. bxc4 bxc4+ 0-1

[Event "SF Buer 1 - SF Kirchhellen 1"]
[Site "Verbandsklasse - Gr. 1 2019/2"]
[Date "2019.09.22"]
[Round "1.3"]
[White "Borgs, Martin"]
[Black "Wilbert, Siegfried"]
[Result "0-1"]
[WhiteElo "1972"]
[BlackElo "1916"]
[PlyCount "56"]
[EventDate "2019.??.??"]

1. d4 d5 2. c4 c6 3. Nf3 Nf6 4. Nc3 dxc4 5. a4 Bf5 6. e3 Nbd7 7. Bxc4 e6 8. O-O
Bb4 9. Qe2 O-O 10. e4 Bg4 11. e5 Nd5 12. Ne4 c5 13. h3 Bxf3 14. Qxf3 cxd4 15.
Qh5 Be7 16. f4 Rc8 17. Bd3 g6 18. Qe2 Nb4 19. Ra3 a5 20. Bb1 Nb6 21. Raf3 Nxa4
22. Ng3 Nc5 23. f5 d3 24. Qe3 exf5 25. Rxf5 Ne6 26. Qh6 Rxc1 27. Rxc1 gxf5 28.
Nxf5 Bg5 0-1

[Event "SF Buer 1 - SF Kirchhellen 1"]
[Site "Verbandsklasse - Gr. 1 2019/2"]
[Date "2019.09.22"]
[Round "1.4"]
[White "Renk, Christoph"]
[Black "Schueppel, Werner"]
[Result "1-0"]
[WhiteElo "1926"]
[BlackElo "1926"]
[Annotator "Daniel"]
[PlyCount "111"]
[EventDate "2019.??.??"]

1. c4 g6 2. d4 Bg7 3. e4 d6 4. Nc3 Nd7 5. Nf3 e5 6. d5 Ne7 7. Be2 O-O 8. O-O h6
9. Ne1 f5 10. Nd3 f4 11. Bd2 Nf6 12. c5 g5 13. f3 Qe8 14. cxd6 cxd6 15. Nf2 Bd7
16. Qb3 b6 17. Rac1 Qg6 18. Nb5 Bxb5 19. Bxb5 g4 20. Rc7 Rf7 21. Bb4 gxf3 22.
Qxf3 Ne8 23. Rc2 Rd8 24. Qg4 Qxg4 $11 25. Nxg4 h5 26. Nf2 Nf6 27. Be2 Ng6 28.
Rfc1 Bf8 29. Be1 Kg7 30. a4 Kh6 31. Rc3 Rg7 32. Bf3 Nh4 33. Kf1 Nxf3 34. gxf3
a5 35. Rc6 Nd7 36. R1c3 Nc5 37. b3 Rb8 38. Nd1 Be7 39. Nb2 Rg6 40. Nc4 b5 41.
axb5 Rxb5 42. Rb6 Rxb6 43. Nxb6 Bd8 44. Nc4 Nb7 45. Bf2 Rg7 46. Na3 Rc7 47. Rc6
Kg7 48. Ke2 Rd7 49. Nc4 Kf7 50. Ra6 Ke8 51. Ra7 Kf8 52. Nxd6 Rxd6 53. Rxb7 Ra6
54. Rh7 Bf6 55. Ra7 Rxa7 56. Bxa7 1-0

[Event "SF Buer 1 - SF Kirchhellen 1"]
[Site "Verbandsklasse - Gr. 1 2019/2"]
[Date "2019.09.22"]
[Round "1.5"]
[White "Belitz, Marco"]
[Black "Seppelfricke, Guido"]
[Result "0-1"]
[WhiteElo "1768"]
[BlackElo "1866"]
[PlyCount "112"]
[EventDate "2019.??.??"]

1. e4 c5 2. Nf3 Nc6 3. d4 cxd4 4. Nxd4 Qb6 5. Nb3 Nf6 6. Nc3 e6 7. Bd3 Bb4 8.
Bd2 O-O 9. O-O a6 10. Kh1 Ne5 11. Be2 d5 12. exd5 exd5 13. a3 Bd6 14. Bg5 Nfg4
15. Qd4 Qxd4 16. Nxd4 Nc6 17. Nf3 h6 18. Bh4 Re8 19. Bd3 Be6 20. h3 Nge5 21.
Bg3 f5 22. Rad1 Rad8 23. Nxe5 Nxe5 24. Be2 Bb8 25. Rfe1 d4 26. Nb1 g5 27. Bxe5
Bxe5 28. Bxa6 Bd5 29. Bd3 Bg7 30. Bxf5 Rf8 31. Be6+ Bxe6 32. Rxe6 Rxf2 33. Re7
Rxc2 34. Rxb7 d3 35. a4 d2 36. Nxd2 Rdxd2 37. Rxd2 Rxd2 38. a5 Rxb2 39. Rd7 Ra2
40. Rd5 Bc3 41. h4 g4 42. Kh2 Rxa5 43. Rd8+ Kf7 44. Rd7+ Ke6 45. Rh7 Be5+ 46.
Kg1 h5 47. Kf2 Bf6 48. g3 Bd4+ 49. Ke2 Rf5 50. Kd3 Be5 51. Ke4 Bf6 52. Rh6 Ra5
53. Ke3 Kf7 54. Rh7+ Kg6 55. Rb7 Ra3+ 56. Kf4 Rf3+ 0-1

[Event "SF Buer 1 - SF Kirchhellen 1"]
[Site "Verbandsklasse - Gr. 1 2019/2"]
[Date "2019.09.22"]
[Round "1.6"]
[White "Kreitling, Oliver"]
[Black "Gajda, Peter"]
[Result "1-0"]
[WhiteElo "1888"]
[BlackElo "1815"]
[PlyCount "77"]
[EventDate "2019.??.??"]

1. d4 g6 2. e4 Bg7 3. c3 c6 4. Nf3 d5 5. e5 Bf5 6. Nh4 Bxb1 7. Rxb1 e6 8. Nf3
Nd7 9. Bg5 Qa5 10. Qb3 Rb8 11. Be2 Ne7 12. a3 h6 13. Bxe7 Kxe7 14. O-O Rhc8 15.
h4 c5 16. h5 Nf8 17. Qd1 c4 18. Qd2 Qd8 19. Nh2 Ke8 20. f4 Qh4 21. hxg6 fxg6
22. Bg4 h5 23. Bh3 Bh6 24. Rf3 Rc7 25. g4 Rf7 26. Rbf1 hxg4 27. Nxg4 Bg7 28.
Kg2 Kd7 29. Qc2 Kc7 30. Qa4 Ra8 31. b3 cxb3 32. Qxb3 g5 33. f5 Rxf5 34. Rxf5
exf5 35. Rxf5 Qe1 36. Rf7+ Nd7 37. Rxd7+ Kxd7 38. Qxb7+ Ke6 39. Nf2+ 1-0

[Event "SF Buer 1 - SF Kirchhellen 1"]
[Site "Verbandsklasse - Gr. 1 2019/2"]
[Date "2019.09.22"]
[Round "1.7"]
[White "Kueper, Peter"]
[Black "Altieri, Dennis"]
[Result "1-0"]
[WhiteElo "1806"]
[BlackElo "1685"]
[PlyCount "65"]
[EventDate "2019.??.??"]

1. e4 c5 2. Nf3 Nc6 3. d4 cxd4 4. Nxd4 Qb6 5. Nb5 a6 6. Be3 Qa5+ 7. Bd2 Qb6 8.
Be3 Qa5+ 9. N5c3 Nf6 10. Nd2 b5 11. Nb3 Qc7 12. Nd5 Nxd5 13. exd5 Ne5 14. Qd4
d6 15. Rc1 e6 16. c4 bxc4 17. Bxc4 Qb7 18. dxe6 Bxe6 19. Bxe6 fxe6 20. O-O h5
21. Rc3 h4 22. h3 g5 23. Bxg5 Rg8 24. Qa4+ Nd7 25. Qxh4 Nf6 26. Rfc1 Rxg5 27.
Qxg5 Ne4 28. Qg6+ Kd8 29. Rf3 Be7 30. Rf7 Qd5 31. Qh7 Ra7 32. Qg8+ Kd7 33. Qc8#
1-0

[Event "SF Buer 1 - SF Kirchhellen 1"]
[Site "Verbandsklasse - Gr. 1 2019/2"]
[Date "2019.09.22"]
[Round "1.8"]
[White "Ebert, Manfred"]
[Black "Schueppel, Ralf"]
[Result "1/2-1/2"]
[WhiteElo "1873"]
[BlackElo "1675"]
[PlyCount "24"]
[EventDate "2019.??.??"]

1. c4 c5 2. g3 Nc6 3. Bg2 g6 4. e3 Bg7 5. Ne2 e5 6. O-O Nge7 7. Nbc3 O-O 8. b3
d6 9. Bb2 Rb8 10. Nd5 Be6 11. d4 exd4 12. exd4 Nf5 1/2-1/2

[Event "SV Mülheim-Nord 4 - SV Kamen 2"]
[Site "Verbandsklasse - Gr. 1 2019/2"]
[Date "2019.09.22"]
[Round "1.1"]
[White "Koch, Marcel"]
[Black "Schmidt, Kevin"]
[Result "0-1"]
[WhiteElo "1934"]
[BlackElo "1926"]
[PlyCount "92"]
[EventDate "2019.??.??"]

1. d4 Nf6 2. c4 e6 3. Nf3 Bb4+ 4. Bd2 Bxd2+ 5. Nbxd2 d5 6. e3 O-O 7. Qc2 b6 8.
Ne5 Bb7 9. Ndf3 Na6 10. Rc1 c5 11. Qa4 cxd4 12. exd4 dxc4 13. Bxc4 Nc7 14. O-O
a6 15. Nc6 Qd6 16. Be2 Ncd5 17. Nfe5 b5 18. Qc2 Rac8 19. a3 Nd7 20. Nxd7 Rxc6
21. Nc5 Qe7 22. Bf3 Rd8 23. Rfd1 Rc7 24. Qd2 Bc8 25. Qa5 Rd6 26. Ne4 Rdc6 27.
Rc5 f5 28. Rxc6 Rxc6 29. Nc5 Qd6 30. g3 g5 31. Re1 Kf7 32. Re5 Rxc5 33. dxc5
Qxe5 34. Bh5+ Ke7 35. Qd2 h6 36. h4 Kf6 37. hxg5+ hxg5 38. Qa5 Qc7 39. Qe1 Qxc5
40. Qa5 Qb6 41. Qe1 Bb7 42. Kh2 Qd4 43. Kh3 b4 44. axb4 Nxb4 45. Qc1 Qxf2 46.
Qc3+ e5 0-1

[Event "SV Mülheim-Nord 4 - SV Kamen 2"]
[Site "Verbandsklasse - Gr. 1 2019/2"]
[Date "2019.09.22"]
[Round "1.2"]
[White "Dezent, Ilia"]
[Black "Traunecker, Thomas"]
[Result "0-1"]
[WhiteElo "1825"]
[BlackElo "1874"]
[PlyCount "34"]
[EventDate "2019.??.??"]

1. d4 Nf6 2. c4 g6 3. Nc3 Bg7 4. e4 d6 5. f4 O-O 6. Nf3 c5 7. d5 b5 8. cxb5 a6
9. b6 Qxb6 10. a4 Qb4 11. Nd2 Ng4 12. Qf3 Bd4 13. Be2 Ne3 14. Bd1 Bg4 15. Qg3
Bxd1 16. Nxd1 Nc2+ 17. Ke2 Nxa1 0-1

[Event "SV Mülheim-Nord 4 - SV Kamen 2"]
[Site "Verbandsklasse - Gr. 1 2019/2"]
[Date "2019.09.22"]
[Round "1.3"]
[White "Bals, Jochen"]
[Black "Kelm, Marcel"]
[Result "1/2-1/2"]
[WhiteElo "1887"]
[BlackElo "1812"]
[PlyCount "43"]
[EventDate "2019.??.??"]

1. e4 c5 2. d4 cxd4 3. c3 d3 4. Bxd3 e6 5. Nf3 Qc7 6. c4 a6 7. Nc3 d6 8. Be3
Nd7 9. Rc1 b6 10. O-O Bb7 11. Nd4 Ngf6 12. f3 Rc8 13. Qd2 Ne5 14. b3 Be7 15.
Na4 Nfd7 16. Be2 Nc5 17. Nc3 Qb8 18. Nc2 O-O 19. Nd4 Rfd8 20. f4 Nc6 21. Nxc6
Bxc6 22. Bf3 1/2-1/2

[Event "SV Mülheim-Nord 4 - SV Kamen 2"]
[Site "Verbandsklasse - Gr. 1 2019/2"]
[Date "2019.09.22"]
[Round "1.4"]
[White "Lamberti, Michele"]
[Black "Georg, Felix"]
[Result "0-1"]
[WhiteElo "1747"]
[BlackElo "1925"]
[PlyCount "112"]
[EventDate "2019.??.??"]

1. d4 d5 2. Nf3 Nf6 3. Bf4 g6 4. Nbd2 Bg7 5. e3 O-O 6. Be2 Nbd7 7. h3 c5 8. c3
b6 9. a4 Bb7 10. O-O Ne4 11. Nxe4 dxe4 12. Nd2 e5 13. dxe5 Nxe5 14. Bxe5 Bxe5
15. Qc2 Qe7 16. Nc4 Bc7 17. Rfd1 h5 18. Rd2 Rad8 19. Rad1 Rxd2 20. Rxd2 Bc8 21.
Bf1 Rd8 22. Rxd8+ Bxd8 23. Qd1 Bc7 24. Qd5 Bb8 25. g3 h4 26. Nd2 Bb7 27. Qc4
hxg3 28. fxg3 Qg5 29. Qe2 Qxg3+ 30. Bg2 Kg7 31. Nf1 Qg5 32. Qb5 Qd5 33. Qe8 Bd6
34. Qb5 Bc8 35. Qe2 Qd3 36. Qxd3 exd3 37. Be4 Bxh3 38. Bxd3 Be6 39. Nd2 f5 40.
Kf2 Kf6 41. Bc4 Bc8 42. Bd5 g5 43. Nc4 Bc7 44. b4 Be5 45. Nxe5 Kxe5 46. Bc6
cxb4 47. cxb4 a5 48. bxa5 bxa5 49. Kg3 Be6 50. Kf2 Kd6 51. Bf3 Bb3 52. e4 f4
53. e5+ Kxe5 54. Bc6 Kd6 55. Bb5 Bd5 56. Be8 Bc6 0-1

[Event "SV Mülheim-Nord 4 - SV Kamen 2"]
[Site "Verbandsklasse - Gr. 1 2019/2"]
[Date "2019.09.22"]
[Round "1.5"]
[White "Markert, Dirk"]
[Black "Stoer, Agnes"]
[Result "1-0"]
[WhiteElo "1846"]
[BlackElo "1680"]
[Annotator "Daniel"]
[PlyCount "55"]
[EventDate "2019.??.??"]

1. e4 e6 2. d4 d5 3. Nd2 dxe4 4. Nxe4 Nf6 5. Nxf6+ Qxf6 6. Nf3 h6 7. Be3 Bd6 8.
Bd3 Nc6 9. c3 Bd7 10. Qc2 O-O 11. h4 Bf4 12. O-O-O Rad8 13. Kb1 a6 14. Ng5 Bxe3
15. fxe3 Qe7 16. g4 b5 17. Bh7+ Kh8 18. Bg6 f5 19. Rdf1 Qf6 20. gxf5 exf5 21.
Bh5 g6 22. Be2 Qe7 23. Nh3 Qxe3 24. Nf4 Kh7 25. Rhg1 $11 Ne7 26. Bd3 Rf7 27.
Qh2 Bc8 28. Rg3 1-0

[Event "SV Mülheim-Nord 4 - SV Kamen 2"]
[Site "Verbandsklasse - Gr. 1 2019/2"]
[Date "2019.09.22"]
[Round "1.6"]
[White "Hausrath, Michaela"]
[Black "Rotter, Chris"]
[Result "1/2-1/2"]
[WhiteElo "1693"]
[BlackElo "1739"]
[Annotator "Daniel"]
[PlyCount "84"]
[EventDate "2019.??.??"]

1. d4 e6 2. c4 c5 3. d5 exd5 4. cxd5 d6 5. Nc3 Nf6 6. e4 g6 7. h3 Bg7 8. Nf3
O-O 9. Bd3 Na6 10. O-O Nc7 11. Bg5 a6 12. a4 Rb8 13. a5 b5 14. axb6 Rxb6 15.
Qc2 Bd7 16. Nd2 Bb5 17. Nc4 Rb7 18. Bf4 Bxc4 19. Bxc4 Re8 20. Bxa6 Nxa6 21.
Rxa6 Rb6 22. Rfa1 Qb8 23. Rxb6 Qxb6 24. Bc1 $11 Rb8 25. Qa4 h6 26. Qa6 Nd7 27.
Qxb6 Nxb6 28. Ra6 Nc4 29. Na4 g5 30. f4 Bd4+ 31. Kh2 f6 32. Kg3 gxf4+ 33. Bxf4
Kg7 34. Kg4 Kg6 35. h4 h5+ 36. Kh3 Rb3+ 37. g3 Be5 38. Bxe5 fxe5 39. Kg2 Re3
40. Nc3 Kf6 41. Kf2 Rd3 42. Nb5 Ke7 1/2-1/2

[Event "SV Mülheim-Nord 4 - SV Kamen 2"]
[Site "Verbandsklasse - Gr. 1 2019/2"]
[Date "2019.09.22"]
[Round "1.7"]
[White "Krabbe, Christian"]
[Black "Horn, Ruediger"]
[Result "1-0"]
[WhiteElo "1952"]
[BlackElo "1745"]
[PlyCount "43"]
[EventDate "2019.??.??"]

1. Nf3 d5 2. g3 Nf6 3. Bg2 Bf5 4. d3 Nbd7 5. O-O c6 6. b3 e5 7. Bb2 Bd6 8. e4
Be6 9. exd5 Nxd5 10. Re1 Qc7 11. c4 Ne7 12. d4 Bb4 13. Re2 O-O-O 14. a3 Ba5 15.
b4 Bb6 16. c5 Nxc5 17. bxc5 Bxc5 18. Rxe5 Qb6 19. Re2 Nf5 20. Rd2 Bb3 21. dxc5
Bxd1 22. cxb6 1-0

[Event "SV Mülheim-Nord 4 - SV Kamen 2"]
[Site "Verbandsklasse - Gr. 1 2019/2"]
[Date "2019.09.22"]
[Round "1.8"]
[White "Tarasenko, Maxim"]
[Black "Wiese, Thomas"]
[Result "0-1"]
[WhiteElo "1508"]
[BlackElo "1813"]
[PlyCount "118"]
[EventDate "2019.??.??"]

1. e4 e5 2. Nf3 Nc6 3. Bb5 a6 4. Ba4 Nf6 5. O-O Be7 6. c3 O-O 7. d3 d6 8. Nbd2
b5 9. Bb3 Bb7 10. a4 Nd7 11. Re1 Nc5 12. Bc2 Ne6 13. Nf1 Bf6 14. Ne3 g6 15. Ng4
Bg7 16. Bh6 f5 17. exf5 gxf5 18. Bxg7 Kxg7 19. Ne3 Nf4 20. g3 Nh3+ 21. Kf1 Ne7
22. Ng1 Nxg1 23. Kxg1 Qe8 24. Ng2 Qc6 25. f3 Qxf3 26. Qxf3 Bxf3 27. Nh4 Bd5 28.
Rf1 Be6 29. Rf2 Ng6 30. Ng2 f4 31. gxf4 exf4 32. axb5 axb5 33. Rxa8 Rxa8 34.
Nxf4 Nxf4 35. Rxf4 Ra1+ 36. Kf2 Rc1 37. Bb3 Bxb3 38. Rb4 Bc2 39. Rxb5 Bxd3 40.
Rb7 Rc2+ 41. Kg3 Be4 42. Rxc7+ Kf6 43. b4 d5 44. b5 Rb2 45. c4 Rb3+ 46. Kf4
Rf3+ 47. Kg4 Rc3 48. Kf4 Rf3+ 49. Kg4 h5+ 50. Kxh5 Bf5 51. Rc6+ Be6 52. h4 dxc4
53. b6 Rg3 54. Kh6 Rb3 55. h5 Ke5 56. Kg7 Kd5 57. Rxe6 Kxe6 58. h6 Rxb6 59. h7
Rb7+ 0-1

[Event "SF Werden 2 - Germania Kupferdreh"]
[Site "?"]
[Date "2019.09.22"]
[Round "1"]
[White "Unteregge, Michael"]
[Black "Gockel, Mirco"]
[Result "1/2-1/2"]
[WhiteElo "2050"]
[BlackElo "1913"]
[PlyCount "41"]

1. Nf3 c5 2. c4 g6 3. d4 Bg7 4. e4 d6 5. Nc3 Nf6 6. Be2 O-O 7. O-O Nc6 8. d5
Nb8 9. h3 e5 10. a3 a5 11. Rb1 Na6 12. Ne1 Ne8 13. Nd3 f5 14. b4 axb4 15. axb4
Qh4 16. Bf3 Nf6 17. Re1 cxb4 18. Nxb4 Nc5 19. g3 Qxh3 20. Bg2 Qg4 21. Bf3
1/2-1/2

[Event "SF Werden 2 - Germania Kupferdreh"]
[Site "?"]
[Date "2019.09.22"]
[Round "1"]
[White "Blank, Stephan"]
[Black "Prämaßing, Reiner"]
[Result "1/2-1/2"]
[WhiteElo "1814"]
[BlackElo "1855"]
[PlyCount "30"]

1. e4 c6 2. d4 d5 3. e5 Bf5 4. g4 Be4 5. f3 Bg6 6. h4 h5 7. Bd3 Bxd3 8. Qxd3
hxg4 9. fxg4 Qd7 10. g5 Qg4 11. Nf3 Qg3+ 12. Kd1 g6 13. Nc3 Na6 14. Ne2 Qg4 15.
Rg1 Qd7 1/2-1/2

[Event "SF Werden 2 - Germania Kupferdreh"]
[Site "?"]
[Date "2019.09.22"]
[Round "1"]
[White "Zagrabski, Kevin"]
[Black "Brixius, Dirk"]
[Result "1/2-1/2"]
[WhiteElo "1897"]
[BlackElo "1793"]
[PlyCount "46"]

1. d4 d5 2. Bf4 Nf6 3. e3 g6 4. Bd3 Bg7 5. Nd2 Nh5 6. Bg5 h6 7. Bh4 O-O 8. g4
Nf6 9. g5 hxg5 10. Bxg5 Bg4 11. f3 Bh5 12. Ne2 Nbd7 13. Ng3 c6 14. Qe2 Re8 15.
c3 Qc7 16. Nxh5 Nxh5 17. f4 c5 18. Qf3 e6 19. O-O Ndf6 20. Qh3 cxd4 21. exd4
Qb6 22. Rab1 Nh7 23. Kh1 Qd6 1/2-1/2

[Event "SF Werden 2 - Germania Kupferdreh"]
[Site "?"]
[Date "2019.09.22"]
[Round "1"]
[White "Biermann, Klaus"]
[Black "Struschka, Andreas"]
[Result "1/2-1/2"]
[WhiteElo "1811"]
[BlackElo "1920"]
[PlyCount "87"]

1. c4 g6 2. Nc3 Bg7 3. g3 e5 4. Bg2 f5 5. d3 d6 6. e4 Nc6 7. Nge2 h6 8. O-O Nf6
9. f4 O-O 10. h3 Rb8 11. Be3 a6 12. Qd2 Kh7 13. a3 Nh5 14. b4 exf4 15. gxf4 Be6
16. Rac1 Qd7 17. Kh2 fxe4 18. Nxe4 Ne7 19. N2g3 Nxg3 20. Nxg3 d5 21. Bc5 dxc4
22. Bxe7 c3 23. Qe2 Qxe7 24. Rce1 Rbe8 25. Bd5 Rf6 26. Ne4 Rxf4 27. Rxf4 Be5
28. Ng5+ hxg5 29. Qxe5 gxf4 30. Bxe6 Qh4 31. Rg1 c2 32. Qxc7+ Re7 33. Qc8 Rxe6
34. Qxe6 Qf2+ 35. Rg2 Qxg2+ 36. Kxg2 c1=Q 37. Qf7+ Kh6 38. Qf8+ Kg5 39. Qe7+
Kf5 40. Qe4+ Kf6 41. Qd4+ Ke7 42. Qe4+ Kf6 43. Qd4+ Ke6 44. Qe4+ 1/2-1/2

[Event "SF Werden 2 - Germania Kupferdreh"]
[Site "?"]
[Date "2019.09.22"]
[Round "1"]
[White "Schäfer, Johannes"]
[Black "Akcapinar, Yavuz"]
[Result "1/2-1/2"]
[WhiteElo "1739"]
[BlackElo "1790"]
[PlyCount "30"]

1. e4 e6 2. d4 d5 3. Nc3 Nf6 4. Bg5 Be7 5. e5 Nfd7 6. Bxe7 Qxe7 7. f4 a6 8. Nf3
c5 9. dxc5 Nc6 10. Qd2 Qxc5 11. O-O-O b5 12. Kb1 Bb7 13. Nd4 Rc8 14. h4 Nb6 15.
Nxc6 Bxc6 1/2-1/2

[Event "SF Werden 2 - Germania Kupferdreh"]
[Site "?"]
[Date "2019.09.22"]
[Round "1"]
[White "Eggebrecht, Stefan"]
[Black "Wuthcke, Dieter"]
[Result "1-0"]
[WhiteElo "1740"]
[BlackElo "1734"]
[PlyCount "119"]

1. e4 c5 2. Nf3 d6 3. d3 g6 4. g3 Bg7 5. Bg2 Nc6 6. c3 e6 7. Be3 Nge7 8. O-O
O-O 9. d4 cxd4 10. Nxd4 a6 11. Nd2 Rb8 12. N2b3 Bd7 13. Nxc6 Bxc6 14. Bd4 f6
15. Be3 Qc7 16. Nd4 Bd7 17. Qb3 Qc8 18. f4 Kh8 19. Rfd1 d5 20. exd5 exd5 21.
Re1 Re8 22. Bf2 Qc4 23. Qxc4 dxc4 24. Ne6 Nf5 25. Bd5 b5 26. g4 Bxe6 27. Bxe6
Nd6 28. Rad1 Bf8 29. Bc5 Nb7 30. Bd4 Bc5 31. Bd5 Bxd4+ 32. cxd4 Nd6 33. Bc6
Rec8 34. d5 f5 35. Re6 Ne4 36. gxf5 gxf5 37. Re5 Rg8+ 38. Kf1 Rbf8 39. d6 Rd8
40. Bxe4 fxe4 41. d7 Kg7 42. Kf2 Rgf8 43. Rxe4 Rf7 44. Red4 Kf6 45. Kf3 Ke6 46.
Rd6+ Ke7 47. Ke4 Rf6 48. Rxf6 Kxf6 49. Rd6+ Ke7 50. Rxa6 Rxd7 51. Rb6 Rd2 52.
Rxb5 Rxh2 53. a4 Kd6 54. Kd4 Rh4 55. Kxc4 Rxf4+ 56. Kb3 Rf3+ 57. Ka2 Rh3 58. a5
h5 59. a6 Rh4 60. Ra5 1-0

[Event "SF Werden 2 - Germania Kupferdreh"]
[Site "?"]
[Date "2019.09.22"]
[Round "1"]
[White "Degner, Friedhelm"]
[Black "Eggebrecht, Jan"]
[Result "1-0"]
[WhiteElo "1703"]
[BlackElo "1680"]
[PlyCount "51"]

1. Nc3 d5 2. e4 e6 3. Nf3 Nf6 4. e5 Nfd7 5. Bb5 a6 6. Bxd7+ Bxd7 7. O-O c5 8.
d3 Nc6 9. Bf4 Be7 10. Qd2 O-O 11. Ne2 Qb6 12. Ng3 Rac8 13. Nh5 Rfd8 14. Bh6 g6
15. Nf6+ Bxf6 16. exf6 e5 17. Bg7 Nd4 18. Nxd4 cxd4 19. Rae1 Re8 20. h4 e4 21.
Qh6 Qd6 22. h5 Re5 23. hxg6 fxg6 24. f7+ Kxf7 25. Bxe5 Qxe5 26. Qxh7+ 1-0

[Event "SF Werden 2 - Germania Kupferdreh"]
[Site "?"]
[Date "2019.09.22"]
[Round "1"]
[White "Mann, Gergely"]
[Black "Leonov, Artem"]
[Result "1/2-1/2"]
[WhiteElo "1598"]
[BlackElo "1515"]
[PlyCount "40"]

1. d4 g6 2. e4 Bg7 3. Nc3 d6 4. Nf3 Bg4 5. Be3 Nc6 6. Be2 e5 7. dxe5 Bxf3 8.
Bxf3 Nxe5 9. Be2 Nf6 10. O-O O-O 11. Qd2 Nfg4 12. Bxg4 Nxg4 13. Bd4 Qh4 14. h3
Bh6 15. f4 Ne5 16. Qe1 Qxe1 17. Raxe1 Nc6 18. Be3 f5 19. exf5 Rxf5 20. a3 Bg7
1/2-1/2

[Event "SV Günnigfeld 1 - Sport Union Annen 1"]
[Site "Verbandsklasse - Gr. 1 2019/2"]
[Date "2019.09.22"]
[Round "1.1"]
[White "Wicht, Juergen"]
[Black "Freisen, Thomas"]
[Result "1/2-1/2"]
[WhiteElo "2019"]
[BlackElo "1949"]
[PlyCount "34"]
[EventDate "2019.??.??"]

1. d4 Nf6 2. c4 c6 3. Nf3 d5 4. Nc3 e6 5. Bg5 h6 6. Bh4 Be7 7. e3 Nbd7 8. Qc2
O-O 9. Bd3 dxc4 10. Bxc4 b5 11. Bd3 Bb7 12. O-O Rc8 13. Rac1 b4 14. Ne4 c5 15.
Nxf6+ Bxf6 16. Bxf6 Qxf6 17. Qe2 Bxf3 1/2-1/2

[Event "SV Günnigfeld 1 - Sport Union Annen 1"]
[Site "Verbandsklasse - Gr. 1 2019/2"]
[Date "2019.09.22"]
[Round "1.2"]
[White "Kuekenbrink, Christopher"]
[Black "Mainka, Gregor"]
[Result "1-0"]
[WhiteElo "1893"]
[BlackElo "2151"]
[PlyCount "59"]
[EventDate "2019.??.??"]

1. d4 e6 2. Nf3 c5 3. c4 cxd4 4. Nxd4 Nf6 5. g3 Bb4+ 6. Bd2 Be7 7. Bg2 Nc6 8.
Nb5 a6 9. Qa4 Rb8 10. N5c3 O-O 11. O-O b5 12. cxb5 axb5 13. Nxb5 Qb6 14. N1c3
d5 15. Rab1 Ba6 16. Nc7 Bb7 17. N7b5 Ra8 18. Be3 Bc5 19. Bxc5 Qxc5 20. Qb3 Rab8
21. Rfc1 Ng4 22. e3 Qe7 23. Qd1 Nge5 24. Ne2 Nb4 25. a3 Nbd3 26. Rc7 Qd8 27.
Rc3 Ba6 28. a4 Qa5 29. f4 Qb6 30. Ned4 1-0

[Event "SV Günnigfeld 1 - Sport Union Annen 1"]
[Site "Verbandsklasse - Gr. 1 2019/2"]
[Date "2019.09.22"]
[Round "1.3"]
[White "Al Ali, Mohammad"]
[Black "Markus, Peter"]
[Result "1-0"]
[WhiteElo "1861"]
[BlackElo "1924"]
[PlyCount "91"]
[EventDate "2019.??.??"]

1. Nf3 d5 2. c4 c6 3. e3 Nf6 4. Nc3 e6 5. Be2 Nbd7 6. O-O Bd6 7. d4 O-O 8. Qc2
dxc4 9. Bxc4 e5 10. Rd1 Qe7 11. h3 Bc7 12. Bd3 h6 13. a4 Re8 14. Nh4 Nf8 15. b3
Ne4 16. Nxe4 Qxh4 17. Bb2 exd4 18. Bxd4 Ne6 19. Bb2 Ng5 20. f4 Nxe4 21. Bxe4
Qg3 22. Kh1 Bxh3 23. Rf1 Bg4 24. Rae1 Rad8 25. Qc3 Bh5 26. Bf3 Bxf3 27. Rxf3
Qg6 28. e4 f6 29. Rg3 Qf7 30. Qxf6 Qxf6 31. Bxf6 Rd7 32. e5 Rf7 33. Rd1 Kf8 34.
Bxg7+ Rxg7 35. Rxg7 Kxg7 36. Rd7+ Kg6 37. Rxc7 Rf8 38. g3 Rd8 39. Kg2 Rd2+ 40.
Kh3 Rc2 41. Rxb7 a5 42. e6 Re2 43. e7 h5 44. Ra7 Kf6 45. Rxa5 Kxe7 46. Re5+ 1-0

[Event "SV Günnigfeld 1 - Sport Union Annen 1"]
[Site "Verbandsklasse - Gr. 1 2019/2"]
[Date "2019.09.22"]
[Round "1.4"]
[White "Radi, Guenter"]
[Black "Sondermann, Dirk"]
[Result "0-1"]
[WhiteElo "1874"]
[BlackElo "1845"]
[PlyCount "68"]
[EventDate "2019.??.??"]

1. d4 f5 2. c4 Nf6 3. Nc3 g6 4. g3 Bg7 5. Bg2 d6 6. Qb3 Nc6 7. e3 e5 8. Nge2
O-O 9. O-O Kh8 10. Rd1 e4 11. Nf4 Ne7 12. f3 g5 13. Nfe2 exf3 14. Bxf3 c6 15.
d5 c5 16. e4 fxe4 17. Nxe4 Nxe4 18. Bxe4 Nf5 19. Qd3 h6 20. Rb1 Nd4 21. Nxd4
Bxd4+ 22. Be3 Bg7 23. b4 b6 24. bxc5 bxc5 25. Rf1 Rxf1+ 26. Rxf1 Qe7 27. Bg6
Bh3 28. Rb1 Rf8 29. Re1 Qf6 30. Bh5 g4 31. Qe2 Qf5 32. Bxh6 Bxh6 33. Be8 Be3+
34. Kh1 Qe4+ 0-1

[Event "SV Günnigfeld 1 - Sport Union Annen 1"]
[Site "Verbandsklasse - Gr. 1 2019/2"]
[Date "2019.09.22"]
[Round "1.5"]
[White "Herrmann, Uwe"]
[Black "Jaennekes, Oliver"]
[Result "0-1"]
[WhiteElo "1885"]
[BlackElo "1832"]
[PlyCount "48"]
[EventDate "2019.??.??"]

1. d4 f5 2. Bg5 g6 3. e3 Bg7 4. c4 Nf6 5. Nc3 O-O 6. Bd3 d6 7. Nge2 c6 8. Qc2
Na6 9. a3 e5 10. f3 Nc7 11. Rd1 Qe7 12. O-O Ne6 13. Bh4 Bh6 14. Bf2 Ng5 15.
dxe5 dxe5 16. e4 fxe4 17. Nxe4 Ngxe4 18. fxe4 Ng4 19. Bg3 Rxf1+ 20. Rxf1 Ne3
21. Qc3 Nxf1 22. Kxf1 Bg4 23. Bxe5 Rf8+ 24. Ke1 Qf7 0-1

[Event "SV Günnigfeld 1 - Sport Union Annen 1"]
[Site "Verbandsklasse - Gr. 1 2019/2"]
[Date "2019.09.22"]
[Round "1.6"]
[White "Bender, Markus"]
[Black "Hartung, Thomas"]
[Result "1-0"]
[WhiteElo "1832"]
[BlackElo "1902"]
[PlyCount "59"]
[EventDate "2019.??.??"]

1. d4 Nf6 2. Bf4 g6 3. Nc3 Bg7 4. e3 d6 5. Be2 Nbd7 6. Nf3 O-O 7. h4 c5 8. Qd2
a6 9. a4 b6 10. d5 Ng4 11. h5 Nde5 12. e4 Re8 13. hxg6 hxg6 14. Ng5 e6 15. f3
Nf6 16. dxe6 Bxe6 17. Nxe6 Rxe6 18. Bh6 Bh8 19. Bg5 Qf8 20. Qf4 Nh5 21. Qh4 Qg7
22. Nd5 f6 23. Bd2 f5 24. Bc3 Qb7 25. g4 Nxg4 26. fxg4 Rxe4 27. O-O-O fxg4 28.
Qg5 Bxc3 29. Nxc3 Rd4 30. Rxh5 1-0

[Event "SV Günnigfeld 1 - Sport Union Annen 1"]
[Site "Verbandsklasse - Gr. 1 2019/2"]
[Date "2019.09.22"]
[Round "1.7"]
[White "Jeschke, Holger"]
[Black "Fitz, Bernd"]
[Result "1-0"]
[WhiteElo "1867"]
[BlackElo "1655"]
[Annotator "Daniel"]
[PlyCount "147"]
[EventDate "2019.??.??"]

1. b4 a6 2. a4 e6 3. Bb2 Nf6 4. b5 b6 5. e3 Bb7 6. Nf3 Be7 7. Be2 O-O 8. O-O d5
9. d4 c5 10. bxc6 Nxc6 11. Nbd2 Rc8 $11 12. Qb1 Na5 13. Ne5 Bd6 14. Ba3 Bxa3
15. Rxa3 Qd6 16. Qb2 Rb8 17. Rb1 Bc8 18. Qa2 Nd7 19. Nxd7 Qxd7 20. c4 dxc4 21.
Nxc4 Nxc4 22. Bxc4 Qd6 23. Rab3 g6 24. h3 Qc6 25. R3b2 Bb7 26. f3 Bc8 27. Rc2
Qd6 28. f4 Bb7 29. Rd2 Be4 30. Re1 b5 31. Bb3 Qb4 32. Red1 bxa4 33. Bxa4 Qc3
34. Kf2 Rb4 35. Qa1 Qc7 36. Rc1 Qb7 37. Kg1 Rb8 38. Bc2 a5 39. Qxa5 Bxc2 40.
Rdxc2 Rb5 41. Qc7 Qe4 42. Kf2 Kg7 43. Qd6 Rb3 44. Qe5+ Qxe5 45. fxe5 Rb2 46.
Kf3 h6 47. h4 h5 48. g4 hxg4+ 49. Kxg4 Rxc2 50. Rxc2 Rb1 51. Rg2 Kh6 52. Rf2
Kg7 53. Rf3 Rd1 54. Rf4 Kf8 55. Kg5 Ke7 56. Kh6 Rh1 57. Kg7 Rh3 58. Rxf7+ Ke8
59. Rf4 Rxe3 60. Kxg6 Ke7 61. Rg4 Rh3 62. h5 Kf8 63. h6 Kg8 64. Kf6+ Kh7 65.
Kxe6 Rxh6+ 66. Kf7 Rh1 67. e6 Rf1+ 68. Ke7 Ra1 69. d5 Ra7+ 70. Kf6 Ra5 71. d6
Ra6 72. d7 Ra8 73. e7 Ra6+ 74. Kf7 1-0